000 00228nam a22000857a 4500
008 160824b xxu||||| |||| 00| 0 eng d
100 _9238
_a Shamsi, K.N., et al
245 _aComputers Update - 4
260 _aNew Delhi
_b Cordova
_c2006
999 _c2893
_d2893